000 00656nam a2200241 i 4500
001 C2-0279290
003 PPAK
005 20180728010549.0
008 070424s2006 my |||| ||||| | may d
020 _a9833011101
040 _aPPAK
_beng
_cPPAK
_erda
082 0 4 _a297.261
_223
090 0 0 _a297.261
_bALQ
_dG
100 1 _aAl- Qarni, Aidh Abdullah,
_eauthor
245 1 0 _aDon't be sad = jangan bersedih
264 1 _aKuala Lumpur :
_bDarul Fajr ,
_c2006
300 _axxii, 1207 pages ;
_c23 cm
336 _2rdacontent
_atext
337 _2rdamedia
_aunmediated
338 _2rdacarrier
_avolume
650 1 0 _aSelf-realization.
942 _ddc
_cB
999 _c85974
_d85974